| 000 | 00591nam a2200169 a 4500 | ||
|---|---|---|---|
| 008 | 120416s1985 ||||||||||||||||| || u | ||
| 020 | _a0452258111 | ||
| 050 | _aHF 5549.5.R44 Hal | ||
| 100 | _aHalf, Robert | ||
| 245 | 1 | 0 | _aRobert Half on hiring |
| 260 |
_aNew York: _bNew American Library _c1985 |
||
| 300 | _axvii, 241p. | ||
| 350 | _a0.00 | ||
| 500 | _a"A Plume book." -Includes index. | ||
| 650 | _aEMPLOYEES--RECRUITING | ||
| 995 |
_D0.00 _FCBU-MAIN LIBRARY (Kitwe) _H1 _I9.95 _UAVAILABLE _ZMain Library Open Access Collection |
||
| 999 |
_c56630 _d56630 |
||